| 000 | 00000nam 2200000za 4500 |
| 001 | 9.856115 |
| 003 | CaOODSP |
| 005 | 20221107155450 |
| 007 | cr ||||||||||| |
| 008 | 180503s2018 onc #o f|0| 0 eng d |
| 040 | |aCaOODSP|beng |
| 043 | |an-cn--- |
| 086 | 1 |aYC24-0/421-23E-PDF |
| 110 | 1 |aCanada. |bParliament. |bSenate. |bStanding Committee on Legal and Constitutional Affairs. |
| 245 | 10|aBill C-45 and the Cannabis Act |h[electronic resource]. |
| 260 | |a[Ottawa] : |bSenate, |c2018. |
| 300 | |a14 p. |
| 490 | 1 |aReport of the Standing Senate Committee on Legal and Constitutional Affairs ; |v23rd report, 42nd Parliament, 1st session |
| 500 | |aIssued also in French under title: Le projet de loi C-45 et la loi sur le cannabis. |
| 500 | |aCaption title. |
| 504 | |aIncludes bibliographic references. |
| 692 | 07|2gccst|aMarijuana |
| 775 | 08|tLe projet de loi C-45 et la loi sur le cannabis |w(CaOODSP)9.856116 |
| 830 | #0|aReport of the Standing Senate Committee on Legal and Constitutional Affairs ;|v23rd report, 42nd Parliament, 1st session|w(CaOODSP)9.506411 |
| 856 | 40|qPDF|s191 KB|uhttps://publications.gc.ca/collections/collection_2018/sen/yc24-0/YC24-0-421-23-eng.pdf |